000 00387nam a2200133Ia 4500
008 151001s9999||||xx |||||||||||||| ||und||
100 _aश्रीराम पंचींद्रे
245 _aभ्रष्टासुराच्या कथा
250 _a2
260 _bअजब प्रकाशन
260 _c2007
300 _a183
365 _b21
999 _c993469
_d993466